| 000 | 00948nam a2200277 a 4500 | ||
|---|---|---|---|
| 008 | 951214s1988||||[C 0 slo c | ||
| 020 |
_c82 Kčs. _q(10000 výtl.) |
||
| 040 |
_aSNK _bslo _cSNK _eAACR2 |
||
| 041 | 1 |
_aslo _hslo |
|
| 044 |
_axo _cSK |
||
| 080 | _a75.04:639.1(084.12) | ||
| 080 | _a639.1(084.12) | ||
| 100 | 1 |
_aTeren, Štefan _4aut |
|
| 245 | 1 | 0 |
_aLov a zver vo výtvarnom prejave _cŠtefan Teren, Ivan Rusina, Ladislav Molnár ; Miroslav Veliký, Ján teren, Karol Rosmány |
| 250 | _a1., vyd. | ||
| 260 |
_aBratislava _bPríroda _c1988 _eMartin _fTlačiarne SNP |
||
| 300 |
_a239 s., 29,40 AH _bFot. _c23 cm |
||
| 490 | 0 | _aPoľovníctvo | |
| 500 | _aLit. 109. Ilustr. na front. a predsádkach. 109 zázn. v slov., češ., nem. a maď. | ||
| 700 | 1 |
_aRusina, Ivan _4aut |
|
| 700 | 1 |
_aMolnár, Ladislav _4aut |
|
| 700 | 1 |
_aVeliký, Miroslav _4bkd |
|
| 700 | 1 |
_ateren, Ján _4bkd |
|
| 700 | 1 |
_aRosmány, Karol _4bkd |
|
| 958 | _aA | ||
| 999 |
_c14998 _d14998 |
||